| 000 | 00851nam a22002777a 4500 | ||
|---|---|---|---|
| 001 | 28783 | ||
| 003 | BD-RjUL | ||
| 005 | 20211209051328.0 | ||
| 008 | 140331r19501961ii a 001 0 eng | ||
| 035 | _a(BD-RjUL)28865 | ||
| 040 |
_aDLC _cDLC _beng _dBD-RjUL |
||
| 041 | _aeng | ||
| 082 |
_a109 _bDAC 1961 |
||
| 100 | 1 |
_aDatta, Dhirendra Mohan, _d1898- _953461 |
|
| 245 | 1 | 4 |
_aThe chief currents of contemporary philosophy / _cDhirendra Mohan Datta. |
| 250 | _a2 nd ed.. | ||
| 260 |
_aCalcutta : _bUniversity of Calcutta, _c1950 [Reprinted 1961] |
||
| 300 |
_axviii, 589 p. : _c25 cm. |
||
| 504 | _aIncludes index. | ||
| 650 | 0 |
_aPhilosophy, Indic. _92858 |
|
| 830 | 0 |
_vitem 07089. _988037 |
|
| 830 | 0 |
_aSAMP early 20th-century Indian books project ; _988038 |
|
| 942 |
_2ddc _cBK |
||
| 999 |
_c28783 _d28783 |
||